| 000 | 00395nam a2200145Ia 4500 | ||
|---|---|---|---|
| 008 | 220217s9999||||xx |||||||||||||| ||und|| | ||
| 020 | _a9788121924634 | ||
| 082 | _a658.11 DEW | ||
| 100 |
_aDewett, K.K and Navalur, M.H _99947 |
||
| 245 | 0 | _aModern economic theory | |
| 250 | _a23 | ||
| 260 |
_aS. Chand & company Ltd. _bNew Delhi _c2017 |
||
| 300 |
_a1000p. _b695 |
||
| 650 | _aMANAGEMENT | ||
| 999 |
_c187804 _d187804 |
||